000 00274nam a2200133Ia 4500
100 _aRydnik/V
942 _cBK
654 _amechanics
245 _aABC'''' S Quantum Mechanics
260 _bMir Publishers
_c2001
082 _a530.1
300 _a362
546 _aENGLISH
999 _c18434
_d18434